Statistics for arras.io shapes

Click here to take the quiz!

General Stats

  • This quiz has been taken 35 times
    (34 since last reset)
  • The average score is 7 of 23

Answer Stats

Answer% Correct
Triangle
86%
Pentagon
79%
Egg
71%
Square
64%
Beta Pentagon
50%
Alpha Pentagon
43%
Giant White Nonagon
43%
Hexagon
43%
Gem
36%
Octagon
36%
Giant Black Giga Pentagon
21%
Green/Shiny shapes
21%
Legendary shapes
21%
Platonic polyhedra
21%
Shadow shapes
21%
Albino
14%
Epilepsy
14%
Jewel
14%
Rainbow shapes
14%
Artificially grown shapes
7%
Giant Rainbow Egg Swarm
7%
Shadow Shapes Swarm
7%
Trans-gender shapes
7%

Score Distribution

Percentile by Number Answered

Percent of People with Each Score

Your Score History

You have not taken this quiz since the last reset